[Event "Cardiff Welsh Spring op"]
[Site "Cardiff"]
[Date "2023.03.04"]
[Round "3"]
[White "Harris, Callum"]
[Black "Powell Jones, Liam"]
[Result "0-1"]
[WhiteElo "1836"]
[BlackElo "1250"]
[PlyCount "41"]
[EventDate "2023.03.04"]
[EventType "swiss"]
[EventRounds "5"]
[EventCountry "WLS"]
[SourceTitle "EXT 2024"]
[Source "ChessBase"]
[SourceDate "2023.10.10"]
[SourceVersion "1"]
[SourceVersionDate "2023.10.10"]
[SourceQuality "1"]

1. e4 c6 2. d4 d5 3. Nd2 e6 4. e5 c5 5. c3 Nc6 6. Bd3 cxd4 7. cxd4 Nxd4 8. Qg4 Qb6 9. f4 Ne7 10. Ndf3 h5 11. Qg3 Nef5 12. Qf2 Bc5 13. b4 Bxb4+ 14. Bd2 Bc5 15. Qf1 Qb2 16. Rb1 Nc2+ 17. Bxc2 Qxc2 18. Qb5+ Bd7 19. Qxb7 Rc8 20. Ne2 Bf2+ 21. Kxf2 0-1